Normal view
MARC view
- Middleton, J Adams, Arvil Van Ziderman, A
Entry Personal Name
001 - CONTROL NUMBER
- control field: 73992
003 - CONTROL NUMBER IDENTIFIER
- control field: NUST
005 - DATE AND TIME OF LATEST TRANSACTION
- control field: 20210628205120.0
008 - FIXED-LENGTH DATA ELEMENTS
- fixed length control field: 210628|| aca||aabn | a|a d
040 ## - CATALOGING SOURCE
- Original cataloging agency: NUST
- Transcribing agency: NUST
100 ## - HEADING--PERSONAL NAME
- Personal name: Middleton, J Adams, Arvil Van Ziderman, A
670 ## - SOURCE DATA FOUND
- Source citation: Work cat.: (NUST): Middleton, J Adams, Arvil Van Ziderman, A, Skills for productivity vocational education and training in developing countries, 1993
